000 00845nam a2200265Ia 4500
003 OSt
005 20221005063924.0
006 a|||||r|||| 00| 0
007 ta
008 221004b |||||||| |||| 00| 0 eng d
020 _a9781452282640 (pbk)
_c 54.00
024 _a29695
037 _b428, 10/03/2017, Kilaso Books
_cTextual
040 _aCRL
_cCRL
_beng
041 _2eng
_aeng
082 _aS1:86, Q7
100 _aLanktree Chery l B.
_9603293
245 0 _aTreating complex trauma in children and their families
_b an integrative approach
260 _aLos
_bAngeles Sage USA
_c2017
300 _axv,278p.
_ccm.
650 _aCHILD PSYCHOLOGY
700 _a Briere John N.
_9603115
942 _hS1:86, Q7
_cTEXL
_2cc
999 _c972127
_d972127